[Event "Titled Tuesday intern op 20th Aug Early"]
[Site "Chess.com INT"]
[Date "2024.08.20"]
[Round "7"]
[White "Makaraci, Tunahan"]
[Black "King, Alexander B"]
[Result "1-0"]
[WhiteElo "2255"]
[BlackElo "2263"]
[PlyCount "99"]
[EventDate "2024.08.20"]
[EventType "swiss (blitz)"]
[EventRounds "11"]
[EventCountry "USA"]
[SourceTitle "EXT 2025"]
[Source "ChessBase"]
[SourceDate "2024.10.14"]
[SourceVersion "1"]
[SourceVersionDate "2024.10.14"]
[SourceQuality "1"]

1. e4 c5 2. c3 d5 3. exd5 Qxd5 4. d4 Nf6 5. Nf3 e6 6. a3 Nc6 7. Be3 cxd4 8. cxd4 Be7 9. Nc3 Qd6 10. Bd3 0-0 11. 0-0 b6 12. Qe2 Bb7 13. Rad1 Rac8 14. Rfe1 Rfd8 15. Bb1 Na5 16. Ne5 a6 17. Bg5 h6 18. Bh4 Nb3 19. d5 Nxd5 20. Qc2 Bxh4 21. Qh7+ Kf8 22. Qh8+ Ke7 23. Qxg7 Qxe5 24. Qxe5 Bf6 25. Nxd5+ Bxd5 26. Qe3 Nc5 27. b4 Na4 28. Be4 Nc3 29. Bxd5 Nxd1 30. Rxd1 Bg5 31. f4 Bxf4 32. Qxf4 exd5 33. Qe5+ Kf8 34. h4 Rc6 35. Re1 Re6 36. Qh8+ Ke7 37. Rxe6+ fxe6 38. Qg7+ Kd6 39. Qxh6 Rc8 40. Qf4+ Kd7 41. h5 Rc4 42. Qf7+ Kd6 43. h6 d4 44. h7 Rc8 45. Qf4+ Kd5 46. Qg5+ Kc4 47. Qc1+ Kd3 48. Qxc8 Ke2 49. h8Q d3 50. Qhc3 1-0